[Event "OLNN 2324 SK Norderstedt - Schachfreunde"]
[Site "?"]
[Date "2024.03.17"]
[Round "7.7"]
[White "Dietz, Juergen"]
[Black "Parvanyan, Alfred"]
[Result "0-1"]
[WhiteElo "2132"]
[BlackElo "2142"]
[PlyCount "60"]
[EventDate "2024.??.??"]

1. f4 Nf6 2. Nf3 g6 3. g3 Bg7 4. Bg2 O-O 5. O-O c5 6. d3 d5 7. c3 Nc6 8. Na3 Rb8 9. Ne5 Bf5 10. Nxc6 bxc6 11. Qe1 Qc8 12. e4 dxe4 13. dxe4 Bh3 14. e5 Nd5 15. Qf2 Bxg2 16. Kxg2 Qf5 17. Qxc5 Qe4+ 18. Kg1 Nb6 19. Qf2 Rfd8 20. Re1 Qd3 21. Be3 Na4 22. Re2 Rxb2 23. Rxb2 Nxb2 24. Bd4 Nd1 25. Rxd1 Qxd1+ 26. Kg2 c5 27. Be3 Rd3 28. Kh3 Rxc3 29. Bxc5 Qd7+ 30. Kh4 Qf5 0-1

[Event "OLNN 2324 SK Norderstedt - Schachfreunde"]
[Site "?"]
[Date "2024.03.17"]
[Round "7.8"]
[White "Bohnsack, Ralf"]
[Black "Kluenger, Marc"]
[Result "0-1"]
[WhiteElo "2157"]
[BlackElo "2190"]
[PlyCount "64"]
[EventDate "2024.??.??"]

1. d4 d5 2. Nf3 Nf6 3. c4 dxc4 4. Nc3 a6 5. a4 Nc6 6. e3 Na5 7. Nd2 Be6 8. Be2 g6 9. O-O Bg7 10. Nf3 c6 11. e4 h6 12. h3 Nb3 13. Rb1 b5 14. Be3 O-O 15. Qc2 Qa5 16. Rbd1 Rfd8 17. Ne5 Rac8 18. f4 Nd7 19. d5 cxd5 20. Nxd7 d4 21. f5 Bxd7 22. Nd5 dxe3 23. Nxe7+ Kh7 24. fxg6+ fxg6 25. e5 Be8 26. Nxc8 Rxc8 27. Rd5 Rd8 28. Rd6 Bxe5 29. Re6 Nd4 30. Re7+ Bg7 31. Qe4 Nxe2+ 32. Kh2 Rd7 0-1

[Event "OLNN 2324 FC St. Pauli II - SF Schwerin"]
[Site "?"]
[Date "2024.03.17"]
[Round "7.8"]
[White "Mitscherling, Andreas"]
[Black "Wagner, Ralph"]
[Result "1/2-1/2"]
[WhiteElo "2136"]
[BlackElo "2122"]
[PlyCount "140"]
[EventDate "2024.??.??"]

1. Nf3 d5 2. d4 e6 3. c4 c5 4. cxd5 exd5 5. Nc3 Nc6 6. g3 Nf6 7. Bg2 Be7 8. O-O O-O 9. b3 Ne4 10. Bb2 Bf6 11. e3 Bg4 12. Ne2 Re8 13. h3 Bf5 14. Qc1 Nb4 15. g4 Bg6 16. Nf4 Rc8 17. Qd1 b5 18. a4 a6 19. axb5 axb5 20. h4 cxd4 21. Bxd4 Nc3 22. Bxf6 Qxf6 23. Qd4 Qd6 24. Qd2 Ne4 25. Qb2 Nf6 26. Bh3 Rcd8 27. Nd4 Nd3 28. Nxd3 Bxd3 29. Rfe1 h5 30. g5 Ng4 31. Bxg4 hxg4 32. Ne2 Bxe2 33. Qxe2 g3 34. Rad1 gxf2+ 35. Qxf2 Re4 36. Rd4 Rde8 37. Rf1 Qe6 38. Rxe4 dxe4 39. b4 Qg4+ 40. Kh2 Re7 41. Qf4 Qe2+ 42. Rf2 Qc4 43. Rd2 Re8 44. Rd7 g6 45. Kg3 Qe6 46. Rb7 Qd5 47. Rc7 Qb3 48. Rb7 Qd5 49. Rb8 Rxb8 50. Qxb8+ Kg7 51. Qc7 Kg8 52. Qc5 Qd1 53. Kf4 Qf3+ 54. Ke5 Qg3+ 55. Kxe4 Qxh4+ 56. Kd3 Qh3 57. Qe7 Qf1+ 58. Kc2 Qg2+ 59. Kc3 Qf1 60. Kd4 Qc4+ 61. Ke5 Qc3+ 62. Kf4 Qd2 63. Qe8+ Kg7 64. Qe5+ Kg8 65. Qxb5 Qf2+ 66. Ke4 Qg2+ 67. Kd4 Qd2+ 68. Kc5 Qxe3+ 69. Kc6 Qe8+ 70. Kb6 Qd8+ {(=)} 1/2-1/2

[Event "OLNN 2324 FC St. Pauli II - SF Schwerin"]
[Site "?"]
[Date "2024.03.17"]
[Round "7.7"]
[White "Heinsohn, Wilfried"]
[Black "Richter, Maik"]
[Result "1-0"]
[WhiteElo "2107"]
[BlackElo "2147"]
[PlyCount "51"]
[EventDate "2024.??.??"]

1. e4 c6 2. d4 d5 3. e5 c5 4. Nf3 cxd4 5. Nxd4 Nc6 6. c4 e6 7. cxd5 exd5 8. Bb5 Bd7 9. O-O Nge7 10. Nc3 a6 11. Ba4 h6 12. Re1 Qb6 13. e6 fxe6 14. Nxe6 Bxe6 15. Nxd5 Bxd5 16. Qxd5 g6 17. Qe6 Rh7 18. Re2 Rg7 19. Bxh6 Rf7 20. Bb3 Rf5 21. Rd1 Bxh6 22. Qxg6+ Kf8 23. Qxh6+ Ke8 24. Qh8+ Rf8 25. Qh5+ Rf7 26. Qxf7# 1-0

[Event "OLNN 2324 FC St. Pauli II - SF Schwerin"]
[Site "?"]
[Date "2024.03.17"]
[Round "7.6"]
[White "Perez De Miguel, Alvaro"]
[Black "Grahl, Arvid"]
[Result "1-0"]
[WhiteElo "2259"]
[BlackElo "2119"]
[PlyCount "105"]
[EventDate "2024.??.??"]

1. d4 Nf6 2. c4 g6 3. Nf3 Bg7 4. g3 O-O 5. Bg2 d6 6. Nc3 Nc6 7. d5 Na5 8. b3 c5 9. Bb2 a6 10. O-O Rb8 11. Nd2 b5 12. Qc1 e5 13. dxe6 Bxe6 14. cxb5 axb5 15. Nce4 Bf5 16. Rd1 Re8 17. Nxf6+ Bxf6 18. Bxf6 Qxf6 19. Qa3 Qd8 20. Nf1 Qb6 21. Ne3 Be6 22. Rac1 Rbd8 23. Qb2 Nc6 24. Bxc6 Qxc6 25. Qf6 Qe4 26. Rxc5 dxc5 27. Rxd8 Rxd8 28. Qxd8+ Kg7 29. Qd3 Qe5 30. Kg2 c4 31. bxc4 bxc4 32. Qc2 h5 33. h4 Kg8 34. a4 Qa5 35. Nd1 Qb4 36. Nc3 Bd7 37. f3 Bc6 38. Qd2 Kh7 39. Qd4 Bxa4 40. Nd5 Qf8 41. Nf6+ Kh6 42. Qxc4 Qg7 43. Qf4+ g5 44. hxg5+ Qxg5 45. Qxa4 Qxf6 46. Qf4+ Qxf4 47. gxf4 f6 48. Kg3 Kg6 49. Kh4 Kh6 50. e4 Kg6 51. e5 Kh6 52. e6 Kg6 53. e7 1-0

[Event "OLNN 2324 FC St. Pauli II - SF Schwerin"]
[Site "?"]
[Date "2024.03.17"]
[Round "7.5"]
[White "Schulz, Karsten"]
[Black "Breyther, Ruediger"]
[Result "1/2-1/2"]
[WhiteElo "2247"]
[BlackElo "2253"]
[PlyCount "161"]
[EventDate "2024.??.??"]

1. d4 Nf6 2. Nf3 e6 3. e3 b6 4. Bd3 Bb7 5. O-O Be7 6. c4 O-O 7. Nc3 d5 8. b3 Nbd7 9. Bb2 c5 10. Qe2 Re8 11. Rfd1 Qb8 12. Rac1 a6 13. cxd5 exd5 14. Bf5 cxd4 15. Nxd4 g6 16. Bh3 Nc5 17. b4 Ncd7 18. a3 Ne5 19. g3 Nc4 20. Bg2 b5 21. Nb3 d4 22. Rxd4 Bxg2 23. Kxg2 Qb7+ 24. e4 Rac8 25. Ba1 Nxa3 26. Na5 Qa8 27. Qf3 Nc4 28. Nxc4 Rxc4 29. Rxc4 bxc4 30. Nd5 Nxd5 31. exd5 Bxb4 32. Rxc4 Qb7 33. Rc6 Qd7 34. Rxa6 Bf8 35. Bd4 Rd8 36. Bf6 Re8 37. Ra1 Bg7 38. Rd1 Bxf6 39. Qxf6 h5 40. Qc6 Qe7 41. d6 Qe6 42. Rd3 Rd8 43. h4 Rd7 44. Rd1 Kg7 45. Qc3+ Qf6 46. Qd3 Qe5 47. Rd2 Qe6 48. Qd4+ Qf6 49. Qd5 Kg8 50. Rd3 Kg7 51. Rd4 Kg8 52. Qc5 Kg7 53. Rd5 Qe6 54. Qd4+ Qf6 55. Qd3 Qe6 56. Kf3 Qf6+ 57. Kg2 Qe6 58. Qd2 Qe4+ 59. Kh2 Qe6 60. Rd4 Qf6 61. Kg1 Qe6 62. Qc3 Qf6 63. Qc5 Qe6 64. Rd1 Qf6 65. Rd4 Qe6 66. Kg2 Qf6 67. f4 Qf5 68. Qe5+ Kh7 69. Rc4 Rd8 70. Rc7 Kg8 71. Re7 Qc2+ 72. Kh3 Qd1 73. Re8+ Rxe8 74. Qxe8+ Kg7 75. Qe5+ Kh7 76. Kg2 Qd2+ 77. Kf1 Qd1+ 78. Kf2 Qd2+ 79. Kf1 Qd1+ 80. Kf2 Qd2+ 81. Kf1 1/2-1/2

[Event "OLNN 2324 FC St. Pauli II - SF Schwerin"]
[Site "?"]
[Date "2024.03.17"]
[Round "7.4"]
[White "Priebe, Jan"]
[Black "Leisner, Hannes"]
[Result "*"]
[WhiteElo "2247"]
[BlackElo "2173"]
[PlyCount "60"]
[EventDate "2024.??.??"]

1. e4 c5 2. Nf3 e6 3. b3 Nf6 4. e5 Nd5 5. c4 Ne7 6. d4 cxd4 7. Qxd4 Nbc6 8. Qe4 Ng6 9. Bb2 Qa5+ 10. Kd1 Be7 11. h4 f6 12. exf6 Bxf6 13. Bxf6 gxf6 14. Nbd2 b6 15. h5 Nge7 16. a3 Qc5 17. Qh4 f5 18. b4 Qd6 19. Kc2 Bb7 20. Rd1 a5 21. Ne4 Nxb4+ 22. axb4 Bxe4+ 23. Bd3 Qxb4 24. Ne5 Rc8 25. Bxe4 fxe4 26. Rh3 Rf8 27. Rd2 Rf5 28. Rb3 Qc5 29. Nxd7 Qxc4+ 30. Kb2 Qc1+ *

[Event "OLNN 2324 FC St. Pauli II - SF Schwerin"]
[Site "?"]
[Date "2024.03.17"]
[Round "7.3"]
[White "Reichmann, Hendrik"]
[Black "Jahncke, Giso"]
[Result "*"]
[WhiteElo "2299"]
[BlackElo "2250"]
[PlyCount "48"]
[EventDate "2024.??.??"]

1. d4 d5 2. Nf3 Nf6 3. c3 c5 4. dxc5 e6 5. b4 a5 6. e3 axb4 7. cxb4 b6 8. a4 bxc5 9. b5 Bd6 10. Bb2 Nbd7 11. Be2 O-O 12. Nbd2 Bc7 13. Qc2 Bb7 14. O-O Qe7 15. Nb3 Rfc8 16. a5 d4 17. b6 Be4 18. Bd3 Bxf3 19. bxc7 Ng4 20. Be2 Nxh2 21. Kxh2 Qh4+ 22. Kg1 Ne5 23. Bxf3 Nxf3+ 24. gxf3 Qg5+ *

[Event "OLNN 2324 FC St. Pauli II - SF Schwerin"]
[Site "?"]
[Date "2024.03.17"]
[Round "7.2"]
[White "Trisic, Aleksandar"]
[Black "Hilwerda, Jonas"]
[Result "1/2-1/2"]
[WhiteElo "2241"]
[BlackElo "2234"]
[PlyCount "47"]
[EventDate "2024.??.??"]

1. Nf3 Nf6 2. c4 e6 3. Nc3 d5 4. cxd5 exd5 5. d4 Bf5 6. Bg5 c6 7. Qb3 Qb6 8. Qxb6 axb6 9. Bxf6 gxf6 10. Nh4 Bg6 11. e3 Be7 12. g3 f5 13. Ng2 Bb4 14. Nf4 Bxc3+ 15. bxc3 b5 16. h4 h5 17. Be2 Nd7 18. Kd2 Nf6 19. f3 Ke7 20. Bd1 Ra3 21. Bb3 Ne8 22. Kc2 Nd6 23. Rhe1 Re8 24. Kb2 {(=)} 1/2-1/2

[Event "OLNN 2324 FC St. Pauli II - SF Schwerin"]
[Site "?"]
[Date "2024.03.17"]
[Round "7.1"]
[White "De Jong, Migchiel"]
[Black "Voigt, Martin"]
[Result "1/2-1/2"]
[WhiteElo "2288"]
[BlackElo "2324"]
[PlyCount "61"]
[EventDate "2024.??.??"]

1. Nf3 d5 2. g3 Nc6 3. d4 Bf5 4. Bg2 Nb4 5. Na3 e6 6. O-O h6 7. Ne5 Bd6 8. c3 Nc6 9. Nxc6 bxc6 10. c4 Bxa3 11. bxa3 Nf6 12. Qa4 Qd7 13. Bf4 O-O 14. Rac1 Rfc8 15. Be5 c5 16. Qxd7 Nxd7 17. cxd5 exd5 18. Bxd5 c6 19. Bf3 Be6 20. Bd6 c4 21. e3 Nb6 22. Be2 Bd5 23. g4 Re8 24. Bc7 Re6 25. Bxb6 axb6 26. Bxc4 Rxa3 27. Bxd5 cxd5 28. Rc8+ Kh7 29. Rd8 Rg6 30. h3 h5 31. Rxd5 {(=)} 1/2-1/2

[Event "OLNN 2324 SF Schwerin - SK Johanneum Epp"]
[Site "?"]
[Date "2024.04.14"]
[Round "8.1"]
[White "Wegner, Hannu"]
[Black "De Jong, Migchiel"]
[Result "1/2-1/2"]
[WhiteElo "2356"]
[BlackElo "2296"]
[PlyCount "93"]
[EventDate "2024.??.??"]

1. d4 e6 2. Nf3 c5 3. c4 cxd4 4. Nxd4 Nf6 5. g3 d5 6. Bg2 e5 7. Nf3 d4 8. O-O Nc6 9. e3 Bc5 10. exd4 exd4 11. Nbd2 O-O 12. Nb3 Qb6 13. Bg5 Ne4 14. Re1 Nxg5 15. Nxg5 Be7 16. Bxc6 Bxg5 17. Bd5 Bf6 18. Qf3 a5 19. Rad1 a4 20. Nxd4 Qxb2 21. Re2 Qb4 22. Nb5 Be6 23. Bxe6 fxe6 24. Qe4 Rae8 25. Rd7 Re7 26. Rxe7 Qxe7 27. Qxe6+ Qxe6 28. Rxe6 Rd8 29. Nd6 Kf8 30. Kf1 b6 31. Ke2 Be7 32. Nb5 Bb4 33. a3 Bc5 34. f4 Kf7 35. Re5 g6 36. g4 Kf6 37. h4 Kf7 38. g5 Rd7 39. f5 gxf5 40. Rxf5+ Kg6 41. Rf6+ Kh5 42. Nc3 Kxh4 43. Ne4 Kg4 44. Nxc5 bxc5 45. g6 hxg6 46. Rxg6+ Kf4 47. Rc6 1/2-1/2

[Event "OLNN 2324 SF Schwerin - SK Johanneum Epp"]
[Site "?"]
[Date "2024.04.14"]
[Round "8.2"]
[White "Hilwerda, Jonas"]
[Black "von Gleich, Alexander"]
[Result "1/2-1/2"]
[WhiteElo "2248"]
[BlackElo "2208"]
[PlyCount "50"]
[EventDate "2024.??.??"]

1. e4 c5 2. Nf3 g6 3. d4 cxd4 4. Qxd4 Nf6 5. Nc3 Nc6 6. Qa4 d6 7. e5 dxe5 8. Nxe5 Bd7 9. Nxd7 Nxd7 10. Bb5 Bg7 11. O-O O-O 12. Rd1 Qc8 13. Nd5 Nb6 14. Nxb6 axb6 15. Qc4 Rd8 16. Rxd8+ Qxd8 17. Bxc6 bxc6 18. Qe2 b5 19. c3 Qd5 20. h3 e5 21. a3 Qb3 22. Be3 Rd8 23. Rc1 e4 24. Qc2 Qd5 25. a4 bxa4 1/2-1/2

[Event "OLNN 2324 SF Schwerin - SK Johanneum Epp"]
[Site "?"]
[Date "2024.04.14"]
[Round "8.3"]
[White "Keyser, Robin"]
[Black "Reichmann, Hendrik"]
[Result "1/2-1/2"]
[WhiteElo "2153"]
[BlackElo "2298"]
[PlyCount "91"]
[EventDate "2024.??.??"]

1. d4 Nf6 2. Nf3 g6 3. c4 Bg7 4. g3 O-O 5. Bg2 d6 6. Nc3 Nc6 7. O-O e5 8. dxe5 dxe5 9. Bg5 h6 10. Qxd8 Rxd8 11. Bxf6 Bxf6 12. Nd5 Kg7 13. Nxc7 Rb8 14. e4 Be7 15. Nd5 Bc5 16. Rac1 Bg4 17. h3 Be6 18. Rfe1 Rbc8 19. Bf1 h5 20. Kg2 f6 21. Bd3 g5 22. Nd2 a5 23. Nf1 Bd4 24. b3 h4 25. g4 Bc5 26. Nfe3 Kf7 27. Nf5 Nb4 28. Bb1 b6 29. Red1 Nc6 30. Nc3 Ba3 31. Rxd8 Rxd8 32. Rd1 Bxf5 33. exf5 Rxd1 34. Nxd1 Nd4 35. Nc3 Bb4 36. Nd5 Bc5 37. Bd3 Nc6 38. Be4 Nb4 39. a4 Na2 40. Kf1 Nb4 41. Nc3 Bd4 42. Nb5 Na6 43. Bc2 Nb4 44. Be4 Na6 45. Bc2 Nb4 46. Be4 1/2-1/2

[Event "OLNN 2324 SF Schwerin - SK Johanneum Epp"]
[Site "?"]
[Date "2024.04.14"]
[Round "8.4"]
[White "Rittemann, Steffen"]
[Black "Zart, Ruediger"]
[Result "1/2-1/2"]
[WhiteElo "2174"]
[BlackElo "2152"]
[PlyCount "180"]
[EventDate "2024.??.??"]

1. e4 c6 2. d4 d5 3. exd5 cxd5 4. Bd3 Nc6 5. c3 Nf6 6. Bf4 Bg4 7. Qb3 Qd7 8. Nd2 e6 9. h3 Bh5 10. Ngf3 Bxf3 11. Nxf3 Bd6 12. Bxd6 Qxd6 13. O-O O-O 14. Rfe1 Rab8 15. Ne5 b5 16. Rac1 Rfc8 17. a3 a5 18. Bxb5 Na7 19. a4 Nxb5 20. axb5 Qb6 21. Ra1 Qxb5 22. Qxb5 Rxb5 23. Ra2 Ne8 24. Nd3 Nd6 25. Nc5 Nb7 26. Nxb7 Rxb7 27. Kf1 Rcb8 28. Re2 g5 29. Ke1 Kg7 30. Kd1 Kf6 31. Kc2 h5 32. g3 Rb5 33. f3 R8b6 34. Rf2 Rb8 35. Kd3 Kg6 36. Ke3 f6 37. f4 g4 38. h4 Kf5 39. Kd3 R8b6 40. Re2 Rb7 41. Kc2 R7b6 42. Kc1 Rb7 43. Ra1 Rb8 44. Kb1 Rb3 45. Kc1 R3b5 46. Ra3 R8b7 47. Kb1 R7b6 48. Ka2 Rc6 49. Rb3 Rxb3 50. Kxb3 Rc4 51. Re1 Rc8 52. Ka4 Rb8 53. Re2 Ra8 54. Re3 Rb8 55. b4 axb4 56. cxb4 Ra8+ 57. Kb5 Rb8+ 58. Kc5 Rc8+ 59. Kd6 Rb8 60. Rb3 Ke4 61. b5 Kxd4 62. b6 e5 63. Kc7 Rf8 64. b7 e4 65. b8=Q Rxb8 66. Rxb8 Ke3 67. Rb3+ Kf2 68. Kd6 d4 69. Rb4 e3 70. Rxd4 e2 71. Re4 e1=Q 72. Rxe1 Kxe1 73. Ke6 Kf2 74. Kxf6 Kxg3 75. f5 Kxh4 76. Ke5 g3 77. f6 g2 78. f7 g1=Q 79. f8=Q Qe3+ 80. Kd5 Qg5+ 81. Ke4 Qg4+ 82. Ke3 Qg3+ 83. Ke2 Qe5+ 84. Kf1 Kg4 85. Qf2 h4 86. Qe2+ Qxe2+ 87. Kxe2 Kg3 88. Kf1 h3 89. Kg1 h2+ 90. Kh1 Kh3 1/2-1/2

[Event "OLNN 2324 SF Schwerin - SK Johanneum Epp"]
[Site "?"]
[Date "2024.04.14"]
[Round "8.5"]
[White "Schroeder, Christoph"]
[Black "Leisner, Hannes"]
[Result "1-0"]
[WhiteElo "2187"]
[BlackElo "2185"]
[PlyCount "120"]
[EventDate "2024.??.??"]

1. e4 c5 2. Nf3 e6 3. g3 Nc6 4. Bg2 Nf6 5. Nc3 d6 6. d4 cxd4 7. Nxd4 Bd7 8. O-O Be7 9. b3 O-O 10. Bb2 a6 11. Nce2 Qc7 12. c4 Rac8 13. Rc1 Rfd8 14. Re1 Qb8 15. Nxc6 Bxc6 16. Nd4 Be8 17. Qe2 Nd7 18. Nf3 e5 19. Bh3 b5 20. Nd2 b4 21. Nf1 Qb7 22. Bg2 Nc5 23. f4 exf4 24. gxf4 Bc6 25. Ng3 g6 26. Red1 Bf8 27. Bh3 Bd7 28. Bg2 Re8 29. Qd2 Bg4 30. Qd4 f6 31. Rd2 Ne6 32. Qf2 d5 33. Rxd5 Bc5 34. Rxc5 Nxc5 35. Qd4 Qe7 36. Qxf6 Qxf6 37. Bxf6 Nd3 38. Rf1 Kf7 39. e5 Nc5 40. h3 Be6 41. f5 gxf5 42. Nxf5 Bxf5 43. Rxf5 Rg8 44. Kh2 Ke6 45. Rh5 Rxg2+ 46. Kxg2 Rc7 47. Bd8 Rd7 48. Ba5 Rd2+ 49. Kf3 Rxa2 50. Bxb4 Nxb3 51. Bd6 Nd2+ 52. Kf4 Nxc4 53. Rxh7 Ra4 54. Rh6+ Kd5 55. Kf5 Ra1 56. Bc7 Rf1+ 57. Kg5 Rg1+ 58. Kf6 Rf1+ 59. Ke7 a5 60. e6 Kc6 1-0

[Event "OLNN 2324 SF Schwerin - SK Johanneum Epp"]
[Site "?"]
[Date "2024.04.14"]
[Round "8.6"]
[White "Schulz, Karsten"]
[Black "Behrhorst, Frank"]
[Result "1/2-1/2"]
[WhiteElo "2209"]
[BlackElo "2202"]
[PlyCount "47"]
[EventDate "2024.??.??"]

1. d4 d5 2. Nf3 Nf6 3. e3 c6 4. Bd3 Bg4 5. Nbd2 e6 6. b3 Nbd7 7. Bb2 Bd6 8. h3 Bxf3 9. Nxf3 Qc7 10. Qe2 e5 11. dxe5 Nxe5 12. Nxe5 Bxe5 13. Bxe5 Qxe5 14. O-O O-O 15. c4 Rad8 16. Rfd1 Rfe8 17. Qc2 d4 18. exd4 Rxd4 19. Bf1 c5 20. Rxd4 Qxd4 21. Rd1 Qe5 22. g3 b6 23. Bg2 h6 24. Bf3 1/2-1/2

[Event "OLNN 2324 SF Schwerin - SK Johanneum Epp"]
[Site "?"]
[Date "2024.04.14"]
[Round "8.7"]
[White "Wirthgen, Peter"]
[Black "Grahl, Arvid"]
[Result "1/2-1/2"]
[WhiteElo "2143"]
[BlackElo "2109"]
[PlyCount "80"]
[EventDate "2024.??.??"]

1. e4 d6 2. d4 Nf6 3. Nc3 g6 4. Nf3 Bg7 5. Be2 O-O 6. O-O Nc6 7. Be3 e5 8. dxe5 dxe5 9. Bb5 Bd7 10. Qe2 a6 11. Bc4 b5 12. Bd5 b4 13. Qc4 bxc3 14. Bxc6 Bxc6 15. Qxc6 cxb2 16. Rab1 Qe8 17. Qxe8 Rfxe8 18. Nd2 Rab8 19. f3 Bf8 20. c3 Red8 21. Bg5 Bc5+ 22. Kh1 Kg7 23. Nc4 h6 24. Bh4 Rd3 25. Nxe5 Rd2 26. Nc4 Rc2 27. Bg3 Rxc3 28. Nxb2 Ra3 29. Bxc7 Rb7 30. Be5 Rxa2 31. Nd3 Rxb1 32. Rxb1 Be7 33. h3 g5 34. Rb7 Kf8 35. Rb8+ Ne8 36. Nb4 Bxb4 37. Rxb4 f6 38. Bd4 Kf7 39. Rb7+ Kg6 40. Re7 Rd2 1/2-1/2

[Event "OLNN 2324 SF Schwerin - SK Johanneum Epp"]
[Site "?"]
[Date "2024.04.14"]
[Round "8.8"]
[White "Wagner, Ralph"]
[Black "Schueler, Hendrik"]
[Result "1/2-1/2"]
[WhiteElo "2122"]
[BlackElo "2063"]
[PlyCount "39"]
[EventDate "2024.??.??"]

1. d4 d5 2. c4 dxc4 3. Nf3 a6 4. a4 Nf6 5. Nc3 Nc6 6. e3 Bg4 7. Bxc4 e6 8. O-O Bd6 9. b3 O-O 10. Bb2 e5 11. Be2 e4 12. Nd2 Bxe2 13. Qxe2 Qe7 14. Nc4 Rfe8 15. Nxd6 Qxd6 16. Rfd1 Nd5 17. Qc4 Rad8 18. Nxd5 Qxd5 19. Qxd5 Rxd5 20. Rac1 1/2-1/2

[Event "OLNN 2324 Schachfreunde HH - Hamburger S"]
[Site "?"]
[Date "2024.04.14"]
[Round "8.1"]
[White "Weihrauch, Jakob"]
[Black "Ritscher, Jan-Paul"]
[Result "1-0"]
[WhiteElo "2248"]
[BlackElo "2244"]
[PlyCount "147"]
[EventDate "2024.??.??"]

1. e4 c6 2. d4 d5 3. e5 c5 4. Nf3 cxd4 5. Qxd4 Nc6 6. Qf4 e6 7. Bd3 Nb4 8. Qd2 Nxd3+ 9. Qxd3 Bd7 10. O-O Qc7 11. Be3 Ne7 12. Re1 Nc6 13. Nc3 a6 14. a3 Be7 15. Bf4 Rc8 16. Rad1 Qb6 17. b4 Na7 18. Nd4 Rc4 19. Nce2 Nb5 20. Nxb5 Bxb5 21. Qg3 g6 22. c3 Ba4 23. Rc1 O-O 24. Be3 Qc7 25. Bd4 Rc8 26. Qe3 Bd7 27. Ra1 Qd8 28. Nf4 a5 29. Nd3 Ra8 30. Nb2 Rc6 31. b5 Rcc8 32. a4 Qf8 33. Nd3 Rc4 34. g3 Rac8 35. Kg2 Ba3 36. Ra2 Be7 37. Qd2 Ra8 38. h4 h5 39. Qe2 b6 40. Bxb6 Rxc3 41. Bd4 Rc7 42. Qe3 Qc8 43. Raa1 Qb7 44. Rec1 Rac8 45. Kh2 Bb4 46. Nb2 Rc2 47. Rxc2 Rxc2 48. Rc1 Qc8 49. Rxc2 Qxc2 50. Qd3 Qc7 51. Qe2 Bc8 52. Qd1 Bb7 53. Nd3 Qc4 54. Nb2 Qc7 55. Qb3 Qc1 56. Nd3 Qd2 57. Kg1 Bc8 58. Kf1 Kf8 59. Be3 Qc3 60. Qxc3 Bxc3 61. Ke2 Ke7 62. Bd2 Bxd2 63. Kxd2 Kd7 64. Nc5+ Kc7 65. Ke3 Bb7 66. Kd4 Bc8 67. f3 Bb7 68. g4 Bc8 69. gxh5 gxh5 70. Nd3 Kb6 71. Nf4 Bd7 72. Nxh5 Bxb5 73. axb5 Kxb5 74. Nf4 1-0

[Event "OLNN 2324 Schachfreunde HH - Hamburger S"]
[Site "?"]
[Date "2024.04.14"]
[Round "8.2"]
[White "Hermesmann, Hans"]
[Black "Holinka, Henning"]
[Result "0-1"]
[WhiteElo "2200"]
[BlackElo "2198"]
[PlyCount "110"]
[EventDate "2024.??.??"]

1. d4 d5 2. c4 e6 3. Nc3 Nf6 4. cxd5 exd5 5. Bg5 Bb4 6. e3 h6 7. Bh4 g5 8. Bg3 Ne4 9. Rc1 h5 10. f3 Nxg3 11. hxg3 c6 12. Bd3 Nd7 13. Nge2 Nf6 14. Qd2 Be6 15. g4 Qd6 16. gxh5 Rxh5 17. Kf2 Rxh1 18. Rxh1 O-O-O 19. Ng3 g4 20. f4 Kb8 21. a3 Ba5 22. b4 Bc7 23. Na4 b6 24. Qc2 Re8 25. Qd2 Bd7 26. Nc3 b5 27. Na2 a5 28. Nc1 a4 29. Nf5 Qe6 30. Ng3 Ne4+ 31. Bxe4 dxe4 32. Nce2 f5 33. Nc3 Bxf4 34. Nge2 Bg5 35. g3 Qd6 36. Rh5 Qg6 37. Rh1 Qf7 38. d5 cxd5 39. Nxd5 Bc6 40. Ndf4 Rd8 41. Qc3 Kb7 42. Nd4 Qa2+ 43. Nfe2 Qc4 44. Qxc4 bxc4 45. Ne6 Rg8 46. Nxg5 Rxg5 47. Rh7+ Kb6 48. Nd4 Rg6 49. Ke2 c3 50. Rh2 Bb5+ 51. Nxb5 Kxb5 52. Kd1 Kc4 53. Kc2 Rd6 54. Re2 Rh6 55. Rf2 Rh1 0-1

[Event "OLNN 2324 Schachfreunde HH - Hamburger S"]
[Site "?"]
[Date "2024.04.14"]
[Round "8.3"]
[White "Brinkmann, Fabian"]
[Black "Andersen, Jens Knud"]
[Result "1-0"]
[WhiteElo "2192"]
[BlackElo "2179"]
[PlyCount "101"]
[EventDate "2024.??.??"]

1. e4 c5 2. Nf3 e6 3. d4 cxd4 4. Nxd4 Nf6 5. Bd3 Nc6 6. Nxc6 bxc6 7. O-O d5 8. exd5 cxd5 9. Bf4 Bd6 10. Qd2 Bxf4 11. Qxf4 Qb6 12. b3 O-O 13. Nd2 Re8 14. Rfe1 Ba6 15. c4 Rad8 16. c5 Qc6 17. Bxa6 Qxa6 18. Qd4 Qa3 19. Nb1 Qa5 20. b4 Qc7 21. Nc3 e5 22. Qd3 e4 23. Qh3 Qb7 24. Rab1 d4 25. Ne2 Qa6 26. Qb3 e3 27. Ng3 exf2+ 28. Kxf2 Re3 29. Rxe3 dxe3+ 30. Kg1 Rd2 31. Qxe3 Qxa2 32. Re1 Rxg2+ 33. Kf1 h5 34. c6 Ng4 35. Qe8+ Kh7 36. Qe4+ g6 37. Qxg2 Qc4+ 38. Qe2 Qxc6 39. h3 Qc3 40. hxg4 Qxg3 41. Qf2 Qh3+ 42. Qg2 Qd3+ 43. Kg1 Qd4+ 44. Kh1 Qxb4 45. Qe4 Qb5 46. Re2 h4 47. Qe7 Qd5+ 48. Kh2 a5 49. Qxh4+ Kg7 50. g5 Qd6+ 51. Qg3 1-0

[Event "OLNN 2324 Schachfreunde HH - Hamburger S"]
[Site "?"]
[Date "2024.04.14"]
[Round "8.4"]
[White "Bokelbrink, Uwe"]
[Black "Avdic, Faris"]
[Result "1/2-1/2"]
[WhiteElo "2223"]
[BlackElo "2207"]
[PlyCount "87"]
[EventDate "2024.??.??"]

1. e4 c5 2. Nf3 d6 3. d4 cxd4 4. Qxd4 Nf6 5. Nc3 Nc6 6. Bb5 Bd7 7. Bxc6 Bxc6 8. Bg5 e6 9. O-O-O Be7 10. Qd3 Qa5 11. h4 Rc8 12. Nd4 a6 13. f3 Bd7 14. Kb1 h6 15. Bd2 Qc7 16. g4 b5 17. g5 Nh5 18. f4 b4 19. Nce2 e5 20. Nf5 Bb5 21. Qf3 Bf8 22. Ka1 a5 23. Ned4 exd4 24. Nxd4 Bd7 25. Qxh5 g6 26. Qf3 Bg7 27. Qd3 hxg5 28. hxg5 Rxh1 29. Rxh1 Qc4 30. Be3 a4 31. Kb1 a3 32. Rd1 axb2 33. Qxc4 Rxc4 34. Kxb2 Bg4 35. Rd2 Bc8 36. Kb1 Ke7 37. Bf2 Bb7 38. Nb5 d5 39. e5 Rxf4 40. Bc5+ Kd7 41. Bd4 Kc6 42. Na7+ Kc7 43. Nb5+ Kc6 44. Na7+ 1/2-1/2

[Event "OLNN 2324 Schachfreunde HH - Hamburger S"]
[Site "?"]
[Date "2024.04.14"]
[Round "8.5"]
[White "Zieher, Hartmut"]
[Black "Gremmel, Jonas Simon"]
[Result "1-0"]
[WhiteElo "2094"]
[BlackElo "2108"]
[PlyCount "133"]
[EventDate "2024.??.??"]

1. e4 c6 2. d4 d5 3. e5 Bf5 4. Nf3 e6 5. Be2 Nd7 6. O-O h6 7. Be3 Ne7 8. Nh4 Bh7 9. b3 g5 10. Nf3 Ng6 11. c4 Bg7 12. Nc3 O-O 13. Bd3 a6 14. Ne2 Rc8 15. c5 f5 16. exf6 Nxf6 17. Qc2 Ne4 18. Ng3 Nf4 19. Bxf4 Rxf4 20. Nh5 Rf7 21. Nxg7 Rxg7 22. Ne5 g4 23. Nxg4 Rxg4 24. f3 Rg7 25. fxe4 dxe4 26. Bc4 Qxd4+ 27. Qf2 Qxf2+ 28. Rxf2 Re8 29. Rf6 Rg5 30. Rxe6 Rxe6 31. Bxe6+ Kg7 32. b4 Kf6 33. Bc8 Rg7 34. Kf2 Ke5 35. Rd1 Bg8 36. a3 Bd5 37. Bh3 Rf7+ 38. Ke3 Rf8 39. Bg4 Rf7 40. Bh5 Rg7 41. g3 Rg8 42. Rf1 a5 43. g4 Be6 44. Rf4 axb4 45. Rxe4+ Kf6 46. axb4 Ra8 47. h4 Bd5 48. Rf4+ Kg7 49. Kd4 Rb8 50. Ke5 b6 51. Kd6 bxc5 52. bxc5 Rh8 53. Ke7 Ra8 54. Be8 Ra1 55. Kd6 Bh1 56. Rf7+ Kg8 57. Rf6 Kg7 58. Rg6+ Kh7 59. h5 Rd1+ 60. Ke7 Be4 61. Rf6 Rc1 62. Bxc6 Bb1 63. Kd6 Kg7 64. Rf4 Rd1+ 65. Bd5 Ba2 66. Rf7+ Kg8 67. Rf5+ 1-0

[Event "OLNN 2324 Schachfreunde HH - Hamburger S"]
[Site "?"]
[Date "2024.04.14"]
[Round "8.6"]
[White "Mix, Clemens"]
[Black "Schumacher, Norbert"]
[Result "1-0"]
[WhiteElo "2032"]
[BlackElo "2101"]
[PlyCount "75"]
[EventDate "2024.??.??"]

1. d4 d5 2. c4 e6 3. Nf3 c6 4. e3 Nf6 5. Be2 Bd6 6. O-O O-O 7. b3 Nbd7 8. Bb2 Qe7 9. Ne5 dxc4 10. Nxc4 Re8 11. Nxd6 Qxd6 12. Nd2 b6 13. e4 Qc7 14. Rc1 Bb7 15. e5 Nd5 16. Ne4 Red8 17. Nd6 Nf8 18. Ba3 Rab8 19. Qc2 Ba8 20. g3 Qd7 21. Rfd1 Ng6 22. Qd2 Nge7 23. Qg5 f5 24. Qd2 Nc8 25. Bf3 Nxd6 26. Bxd6 Rbc8 27. Rc2 Bb7 28. Rdc1 Qf7 29. b4 a6 30. a3 Re8 31. h4 Red8 32. a4 b5 33. Bxd5 exd5 34. axb5 axb5 35. Ra2 Ra8 36. Rca1 Qe8 37. Qg5 Qe6 38. Rxa8 1-0

[Event "OLNN 2324 Schachfreunde HH - Hamburger S"]
[Site "?"]
[Date "2024.04.14"]
[Round "8.7"]
[White "Schellhorn, Wolfgang"]
[Black "Dietz, Juergen"]
[Result "0-1"]
[WhiteElo "2076"]
[BlackElo "2122"]
[PlyCount "54"]
[EventDate "2024.??.??"]

1. e4 e6 2. d4 d5 3. e5 c5 4. c3 Nc6 5. Nf3 Bd7 6. Be2 f6 7. O-O Qc7 8. Re1 O-O-O 9. Bf4 h6 10. Bg3 f5 11. h4 Be7 12. h5 Be8 13. Nh2 cxd4 14. cxd4 Qb6 15. Qc1 Kb8 16. Nc3 Nxd4 17. Bd1 Rc8 18. Qd2 Bg5 19. Bf4 Bxf4 20. Qxf4 Qxb2 21. Rc1 Rxc3 22. Qxd4 Qxc1 23. Nf3 Rxf3 24. gxf3 Ne7 25. Qb4 Qc7 26. f4 Nc6 27. Qb2 g5 0-1